000 00539nam a2200205Ia 4500
005 20250923145216.0
008 008 250917s9999 xx 000 0 eng d
037 _aTextual
040 _aDSWL
_beng
_cDSWL
041 _aeng
_2eng
084 _qDSWL
100 _aRatcliffe, T.A.
_9832915
245 4 _aThe Development of Personality
_cby T.A. Ratcliffe
260 _aLondon
_bGeorge Allen & Unwin
_c1967
300 _ax,220p.
365 _aINR
_b25
925 _g25
942 _cTEXL
999 _c1448485
_d1448485